00952nam a2200241Ia 4500001000600000003000900006008004100015040001300056040001300069041001300082100002000095100002900115245008000144245005300224250001100277260001200288260001800300260004900318300005700367500022300424650003200647650003100679A6035IT-RoPAU130308s9999 xx 000 0 und d aIT-RoPAU cIT-RoPAU aITALIANO aComuzio Ermanno gCodice Aut. SPICS: 7870 aDa camisa vieja a chaqueta nueva. La musica nel cinema spagnolo dopo Franco bMaravillas-Il Cinema spagnolo degli Anni Ottanta a1a ed. aFIRENZE bLa Casa Usher c1991 [1° Ed.:1991 - Ed.Ling.Originale:1991] a"16 p. (prefazione: no ; testo: 16 [pagine: 46-61])" aIeri e Oggi. I Nuovi Arrivati e la Tercera Via. Melodismo e Musica Elettronica. Processo Piu' Accelerato. Dai classici Ai gruppi Rock. Un'Ocarina Perangela Molina. Attonite Paludi senza Danze Ne' Canzoni. Bibliografia. aSTORIA NAZIONALE DEL CINEMA eCodice materia Spics: 6809